000 01072nam a22003257a 4500
003 CHAP
005 20220329133220.0
008 971013s1979 r 00010 d
010 _a3483
011 _a4455
035 _a3658
040 _cCHAP
082 _a574.5016
_bB4
100 0 0 _aBerzosa Valencia, Carmen.
_912027
245 _aMedio ambiente y desarrollo; aspectos económicos del medio ambiente
260 _aMadrid :
_bCentro Internacional de Fromación en Ciencias Ambientales,
_c1979
300 _a210 p
490 _aCuadernos de bibliografía
_v; 1
500 _aD50-1
590 _aBATCH-UPD
_b10
_c20130110
_lUCH01
_h0125
590 _aBATCH-UPD
_b10
_c20130110
_lUCH01
_h2129
590 _aBATCH-UPD
_b10
_c20130410
_lUCH01
_h1439
590 _aBATCH-UPD
_b10
_c20130914
_lUCH01
_h0611
590 _aCONVERSION
_b10
_c20130109
_lUCH01
_h1303
650 1 4 _aMedio ambiente
_xBibliografía.
_974066
830 0 _aCuadernos de bibliografía
_v; 1
_929746
901 _aBK
942 _cLIBRO
949 _a574.5016 B4
_bBC
_cC
_d33724000494753
_eC
_h79775
_i3658
_mD
_si
999 _c3483
_d3483